Z Którego Kraju Pochodzi Ten Skoczek? - Statystyki

Ogólne statystyki
  • Ten quiz został rozwiązany 105 razy
  • Średni wynik to 9 z 10
Statystyki odpowiedzi
Skoczek Narodowość % Poprawnych
Klemens Murańka Polska
98%
Mackenzie-Boyd-Clowes Kanada
96%
Bjørn Einar Romøren Norwegia
95%
Vladimir Zografski Bułgaria
91%
Denis Kornilov Rosja
91%
Jan Matura Czechy
89%
Vincent Descombes Savoie Francja
88%
Sabirzhan Muminov Kazachstan
87%
Sebastian Colloredo Włochy
86%
Kevin Bickner Stany Zjednoczone
85%
Nie znaleziono quizów pasujących do podanych kryteriów
Rozkład punktacji
Procent ludzi z każdym wynikiem
Percentyl według liczby udzielonych odpowiedzi
Twoja historia wyników
Nie rozwiązałeś tego quizu